| 000 | 01398nam a2200421 i 4500 | ||
|---|---|---|---|
| 001 | 38246 | ||
| 003 | KOSZ 005 | ||
| 005 | 20230207082351.0 | ||
| 008 | 981010s1997 gw f |001 0 ger d | ||
| 020 | _a352828837X | ||
| 040 |
_cKOSZ 005 _aKOSZ005 _dKOSZ 005/HR |
||
| 046 | _k1997 | ||
| 080 | _a624.014.2 | ||
| 080 | _a624.04 | ||
| 100 | 1 |
_aPetersen, Christian _d(1931- ) _eAutor |
|
| 245 | 1 | 0 |
_aStahlbau : _bGrundlagen der Berechnung und baulichen Ausbildung von Stahlbauten / _cChristian Petersen. |
| 250 | _a3., überarb. und erw. Aufl., 2.durchges. Nachdr. | ||
| 260 |
_aBraunschweig : _bVieweg, _c1997. |
||
| 300 |
_aXXII, 1451 s. : _brys., wykr. ; _c24 cm. |
||
| 336 |
_2rdacontent _aTekst _btxt |
||
| 337 |
_2rdamedia _aBez urządzenia pośredniczącego _bn |
||
| 338 |
_2rdacarrier _aWolumin _bnc |
||
| 380 | _aKsiążki | ||
| 388 | _a1901-2000 | ||
| 388 | _a1989-2000 | ||
| 504 | _aBibliogr. s. 1407-1444. - Indeks. | ||
| 650 | 7 | _aBudownictwo | |
| 650 | 7 | _aKominy | |
| 650 | 7 | _aKonstrukcje stalowe | |
| 650 | 7 | _aMechanika budowli | |
| 650 | 7 | _aMosty | |
| 650 | 7 | _aProjektowanie | |
| 655 | 7 | _aOpracowanie | |
| 658 | _aArchitektura i budownictwo | ||
| 658 | _aInżynieria i technika | ||
| 856 |
_uhttp://koha.tu.koszalin.pl/cgi-bin/koha/opac-detail.pl?biblionumber=38246 _yKatalog online BPK |
||
| 942 |
_cKS _2UKD |
||
| 999 |
_c38246 _d38246 |
||